000 01221nam a2200313 i 4500
003 EG-GICUC
005 20260122085335.0
008 251128s1988 ua ||||f |||| 00| 0 ara d
040 _a EG-GICUC
_bara
_c EG-GICUC
_d EG-GICUC
_erda
041 0 _aara
082 0 4 _221
_a345.25
_bا ل . ن
092 0 4 _221
099 _a Law1 07 345.25 ا ل . ن 1 ed - 1988
100 0 _aالسيد عبد المطلب غانم
_eمؤلف.
245 1 2 _aالنظم المحلية في الدول الأسكندنافية \
_cدكتور السيد عبد المطلب غانم .
250 _aالطبعة الأولي
264 1 _aالقاهرة :
_bمكتبة النهضة العربية،
_c1988.
300 _a164 ؛ صفحة
_c24 سم.
336 _2rda content
_atext
337 _2rda media
_aComputer
338 _2rda carrier
_aOnline Resource
504 _a. 163-162ببليوجرافيا: صفحات.
546 _aالنص أغلبه باللغة العربية بعض النصوص الإنجليزية والفرنسية
650 1 _aالقانون الإداري
_2qrmak
651 1 _2qrmak
856 4 0 _uhttps://fll.law.cu.edu.eg/fulltext/bks/B07-00942.pdf
905 _a74
_eYara
942 _2ddc
_n0
_cBK
_e21
999 _c46749
_d46749